000 01764nam0a2200361 i 4500
001 RU\NLR\BIBL_A\010524085
005 20241101004454.0
010 _a9785942757403
_9250
021 _aRU
_b2014-65022
_93964
035 _a(NILC)RuMoRGB-007545207
035 _a(NLR Aleph) 010524085
090 _a10226606
_c10226606
100 _a20141106d2014 km y0rusy50 ca
101 0 _arus
_ceng
_eeng
102 _aRU
105 _aac||z||||00yy
200 1 _aНапряженное состояние и прочность многослойных сосудов
_dStress state and strength of multilayer vessels
_fП. Г. Пимштейн
_gОАО "ИркутскНИИхиммаш"
_zeng
210 _aМосква
_cМашиностроение
_d2014
215 _a580 с.
_cил., портр.
_d21
300 _aАвт. также на англ. яз.: P.G. Pimshtein
300 _aНа с. 8 авт.: Пимштейн П.Г., д.т.н., проф.
300 _aРез. на англ. яз.
320 _aБиблиогр.: с. 540-568 (420 назв.)
510 1 _6z73790
_aStress state and strength of multilayer vessels
_zeng
606 1 _aСосуды, работающие под давлением многослойные
_91659593
_3RU\NLR\AUTH\661033879
606 1 _aСосуды, работающие под давлением стальные
_91659639
_3RU\NLR\AUTH\661033900
686 1 _aЛ114.037-51
700 1 _7ca
_8rus
_aПимштейн
_bП. Г.
_f1937-
_gПавел Гдальевич
_9138167
_3RU\NLR\AUTH\770138202
790 1 _7ba
_8rus
_aPimštejn
_bP. G.
_f1937-
_gPavel Gdal'evič
_9138171
_3RU\NLR\AUTH\770138206
942 _cBOOK
980 _aNBR